Historia de la neuropsicofarmacología (Record no. 67465)

MARC details
000 -LEADER
campo de control de longitud fija 00914nam a2200217 i 4500
001 - NÚMERO DE CONTROL
campo de control 67465
003 - IDENTIFICADOR DE NÚMERO DE CONTROL
campo de control ES-MaACL
005 - FECHA Y HORA DE LA ÚLTIMA TRANSACCIÓN
campo de control 20230906170057.0
007 - CAMPO FIJO DE DESCRIPCIÓN FÍSICA--INFORMACIÓN GENERAL
campo de control de longitud fija t|
008 - DATOS DE LONGITUD FIJA--INFORMACIÓN GENERAL
campo de control de longitud fija 040528s1998 sp ||||1| spa d
020 ## - NÚMERO INTERNACIONAL ESTÁNDAR DEL LIBRO
Número Internacional Estándar del Libro 84-89115-09-5
080 ## - NÚMERO DE LA CLASIFICACIÓN DECIMAL UNIVERSAL
Número de la Clasificación Decimal Universal 616.8-085.03(091)
245 00 - MENCIÓN DEL TÍTULO
Título Historia de la neuropsicofarmacología
Resto del título : una nueva aportación a la terapéutica farmacológica de los trastornos del Sistema Nervioso Central /
Mención de responsabilidad, etc. Francisco López Muñoz, Cecilio Alamo González (editores) ; Luis Fernando Alguacil Merino ... [et al.] , editores asociados.
260 ## - PUBLICACIÓN, DISTRIBUCIÓN, ETC.
Lugar de publicación, distribución, etc. Alcalá de Henares :
Nombre del editor, distribuidor, etc. Universidad :
-- Eurobook,
Fecha de publicación, distribución, etc. [1998]
300 ## - DESCRIPCIÓN FÍSICA
Extensión 544 p. :
Otras características físicas il. ;
Dimensiones 25 cm.
650 14 - PUNTO DE ACCESO ADICIONAL DE MATERIA--TÉRMINO DE MATERIA
Término de materia o nombre geográfico como elemento de entrada Neurofarmacología-
Subdivisión general Historia.
9 (RLIN) 15527
700 1# - ENTRADA AGREGADA--NOMBRE PERSONAL
Nombre de persona López Muñoz, Francisco.
9 (RLIN) 73814
700 1# - ENTRADA AGREGADA--NOMBRE PERSONAL
Nombre de persona Alamo González, Cecilio.
9 (RLIN) 19115
700 1# - ENTRADA AGREGADA--NOMBRE PERSONAL
Nombre de persona Alguacil Merino, Luis Fernando.
9 (RLIN) 19905
852 ## - LOCALIZACIÓN
Ubicación ES-MaACL
Número de control de estantería L-27686
Sublocalización o colección R.133458
Holdings
Estatus retirado Estado de pérdida Fuente del sistema de clasificación o colocación Estado de daño No para préstamo Biblioteca de origen Biblioteca actual Ubicación en estantería Fecha de adquisición Número de control de estantería Total de préstamos Signatura topográfica completa Código de barras Visto por última vez Precio de reemplazo Tipo de ítem Koha
    Clasificación decimal universal     Biblioteca del Ateneo de Madrid Biblioteca del Ateneo de Madrid Depósito 2 17/01/2008 1   L-27686 1070646 23/02/2023 23/02/2023 Libro impreso